Gráficas de las funciones "sección querida versus luz" en 3 tipos de armaduras de techo
Tallennettuna:
| Päätekijä: | |
|---|---|
| Aineistotyyppi: | Tuntematon |
| Julkaistu: |
[San José, Costa Rica]
1960
|
| Aiheet: | |
| Tagit: |
Lisää tagi
Ei tageja, Lisää ensimmäinen tagi!
|
MARC
| LEADER | 00000 a2200000 4500 | ||
|---|---|---|---|
| 003 | 011074 | ||
| 005 | 20221231143806.0 | ||
| 008 | 140114s1960 cr a m 000 ||s d | ||
| 040 | |c cru CEDI | ||
| 090 | |a TFG 113 | ||
| 100 | |a Dobles U, Miguel |9 17268 | ||
| 245 | |a Gráficas de las funciones "sección querida versus luz" en 3 tipos de armaduras de techo | ||
| 260 | |c 1960 |a [San José, Costa Rica] | ||
| 300 | |a 57 hojas : cuadros (color), diagramas (color) gráficos (color) ; 28 cm | ||
| 500 | |a Tesis (Ingeniero civil) Universidad de Costa Rica. | ||
| 650 | |x CONSTRUCCIONES DE MADERA |x VIVIENDA |9 17270 | ||
| 942 | |c TFG | ||
| 999 | |c 12043 |d 12043 | ||
